Statistics for Tracklist - Ultraviolence by Lana Del Rey

Click here to take the quiz!

General Stats

  • This quiz has been taken 17 times
  • The average score is 12 of 14

Answer Stats

Answer% Correct
Cruel World
100%
Fucked My Way Up to the Top
100%
Ultraviolence
100%
Brooklyn Baby
91%
Florida Kilos
91%
Money Power Glory
91%
Sad Girl
91%
Shades of Cool
91%
West Coast
91%
Old Money
82%
The Other Woman
82%
Pretty When You Cry
73%
Black Beauty
64%
Guns and Roses
55%

Score Distribution

Percentile by Number Answered

Percent of People with Each Score

Your Score History

You have not taken this quiz